Chemistry / For Changing Times: Eighth Edition (Record no. 1728)
[ view plain ]
| 000 -LEADER | |
|---|---|
| fixed length control field | 01405cam a22002294a 4500 |
| 005 - ΗΜΕΡΟΜΗΝΙΑ ΚΑΙ ΩΡΑ ΤΕΛΕΥΤΑΙΑΣ ΕΝΗΜΕΡΩΣΗΣ | |
| Πεδίο ελέγχου | 20250605164017.0 |
| 008 - FIXED-LENGTH DATA ELEMENTS--GENERAL INFORMATION | |
| Πεδίο ελέγχου σταθερού μήκους | 250528s ||||||||||||||||||||||||d |
| 035 ## - SYSTEM CONTROL NUMBER | |
| System control number | 16197 |
| 020 ## - ISBN | |
| ISBN | 137417861 |
| 040 ## - ΠΗΓΗ ΚΑΤΑΛΟΓΟΓΡΑΦΗΣΗΣ | |
| Φορέας πρωτότυπης καταλογογράφησης | MC Athens Campus Library |
| Γλώσσα καταλογογράφησης | Ελληνικά, Μοντέρνα (1453-) |
| Modifying agency | MC Athens Campus Library |
| Κανόνες περιγραφικής καταλογογράφησης | AACR2 |
| 245 1# - ΤΙΤΛΟΣ ΚΑΙ ΔΗΛΩΣΗ ΥΠΕΥΘΥΝΟΤΗΤΑΣ | |
| Τίτλος | Chemistry / For Changing Times: Eighth Edition |
| 250 ## - EDITION STATEMENT | |
| Edition statement | 8th |
| 260 ## - PUBLICATION, DISTRIBUTION, ETC. | |
| Name of publisher, distributor, etc. | Prentice Hall, |
| Date of publication, distribution, etc. | 1998 |
| 300 ## - PHYSICAL DESCRIPTION | |
| Extent | 678 |
| 520 ## - SUMMARY, ETC. | |
| Summary, etc. | Preface, Chemistry: A Science for All Seasons, Atoms: Are They for Real?, Atomic Structure: Images of the Invisible, Nuclear Chemistry: The Heart of Matter, Chemical Bonds: The Ties That Bind, Names and Formulas and Equations: The Language of Chemistry, Acids and Bases: Please Pass the Protons, Oxidation and Reduction: Burn and Unburn, Organic Chemistry: The Infinite Variety of Carbon Compounds, Polymers: Giants Among Molecules, Chemistry of the Earth: Metals and Minerals, Air: The Breath of Life, Water: Rivers of Life; Seas of Sorrows, Energy: A Fuels Paradise, Biochemistry: A Molecular View of Life, Food: Those Incredible Edible Chemicals, Household Chemicals: Helps and Hazards, Fitness and Health: Some Chemical Connections, Drugs: Chemical Cures and Comforts and Cautions, Poisons: Chemical Toxicology, Appendices, Photo Credits, Index. |
| 700 1# - ΠΡΟΣΘΕΤΗ ΑΝΑΓΡΑΦΗ--ΦΥΣΙΚΟ ΠΡΟΣΩΠΟ | |
| Personal name | Hill Cynthia S |
| 9 (RLIN) | 2269 |
| 700 1# - ΠΡΟΣΘΕΤΗ ΑΝΑΓΡΑΦΗ--ΦΥΣΙΚΟ ΠΡΟΣΩΠΟ | |
| Personal name | Hill John W |
| 9 (RLIN) | 2268 |
| 700 1# - ΠΡΟΣΘΕΤΗ ΑΝΑΓΡΑΦΗ--ΦΥΣΙΚΟ ΠΡΟΣΩΠΟ | |
| Personal name | Kolb Doris K |
| 9 (RLIN) | 2270 |
| 942 ## - ADDED ENTRY ELEMENTS (KOHA) | |
| Koha item type | Books |
| Τύπος τεκμηρίου | Βιβλιοθήκη | Τρέχουσα τοποθεσία | Barcode | Αριθμός εισαγωγής | Ημερομηνία απόκτησης | Ταξιθετικό σύμβολο | Αριθμός αντιτύπου | Κατάσταση απόσυρσης | Κατάσταση χαμένου | Κατάσταση κατεστραμμένου | Μη δανεισμός | Σύνολο δανεισμών | Ημερομηνία τελευταίας εμφάνισης | Η τιμή ισχύει από |
|---|---|---|---|---|---|---|---|---|---|---|---|---|---|---|
| Books | MC Athens Campus Library | MC Athens Campus Library | 9780000017277 | 3284 | 05/06/2025 | 540 HIL | 1 | 05/06/2025 | 05/06/2025 |